[Event "CZE-ch U10 2020"]
[Site "Kouty nad Desnou"]
[Date "2020.03.09"]
[Round "4.7"]
[White "Melnikov, Ivan"]
[Black "Roubal, Matyas"]
[Result "0-1"]
[WhiteElo "1253"]
[BlackElo "1380"]
[Annotator "NA"]
[PlyCount "66"]
[EventDate "2020.03.07"]
[EventCountry "CZE"]
[SourceTitle "playchess.com"]
[Source "ChessBase"]
[SourceQuality "1"]
[TimeControl "5400+30"]

1. e4 {[%emt 0:00:00]} e5 {[%emt 0:00:00]} 2. Nf3 {[%emt 0:00:05]} Nc6 {[%emt 0:00:00]} 3. d4 {[%emt 0:00:26]} exd4 {[%emt 0:00:01]} 4. Bc4 {[%emt 0:00:30]} Nf6 {[%emt 0:00:07]} 5. e5 {[%emt 0:00:29]} d5 {[%emt 0:00:10]} 6. Bb5 {[%emt 0:00:24]} Ne4 {[%emt 0:00:06]} 7. Nxd4 {[%emt 0:01:15]} Bd7 {[%emt 0:00:06]} 8. O-O {[%emt 0:00:33]} Nxd4 {[%emt 0:05:34]} 9. Bxd7+ {[%emt 0:00:14]} Qxd7 {[%emt 0:00:06]} 10. Qxd4 {[%emt 0:00:10]} Bc5 {[%emt 0:01:28]} 11. Qd1 {[%emt 0:01:17]} O-O-O {[%emt 0:02:29]} 12. b4 {[%emt 0:05:29]} Bxb4 {[%emt 0:04:17]} 13. Ba3 Bxa3 {[%emt 0:01:25]} 14. Nxa3 {[%emt 0:01:01]} Qe7 {[%emt 0:01:55]} 15. Nb5 {[%emt 0:04:25]} Qc5 {[%emt 0:03:24]} 16. Rb1 {[%emt 0:06:21]} a6 {[%emt 0:00:17]} 17. Nd4 {[%emt 0:03:09]} Nc3 {[%emt 0:00:22]} 18. Qg4+ {[%emt 0:00:06]} Kb8 {[%emt 0:02:24]} 19. Rb3 {[%emt 0:03:14]} Qxd4 {[%emt 0:01:30]} 20. Qh3 {[%emt 0:10:48]} Ne2+ {[%emt 0:01:44]} 21. Kh1 {[%emt 0:00:27]} Qc4 {[%emt 0:03:01]} 22. Rfb1 {[%emt 0:01:11]} b6 {[%emt 0:01:55]} 23. Qe3 {[%emt 0:02:40]} d4 {[%emt 0:06:15]} 24. Qf3 {[%emt 0:00:52]} b5 {[%emt 0:02:45]} 25. a4 {[%emt 0:00:50]} Nc3 {[%emt 0:01:33]} 26. axb5 Nxb1 {[%emt 0:17:08]} 27. bxa6+ {[%emt 0:07:15]} Kc8 {[%emt 0:00:03]} 28. Rb8+ {[%emt 0:02:54]} Kd7 {[%emt 0:00:10]} 29. Rxb1 Rb8 {[%emt 0:02:37]} 30. Rd1 {[%emt 0:01:58]} Rhd8 {[%emt 0:03:49]} 31. h3 {[%emt 0:02:57]} Ke7 {[%emt 0:00:34]} 32. a7 {[%emt 0:03:01]} Ra8 {[%emt 0:00:21]} 33. Qa3+ {[%emt 0:00:54]} c5 {[%emt 0:00:40]} 0-1

[Event "CZE-ch U10 2020"]
[Site "Kouty nad Desnou"]
[Date "2020.03.09"]
[Round "4.8"]
[White "Srba, Daniel"]
[Black "Stefaniv, Vladyslav"]
[Result "1-0"]
[WhiteElo "1145"]
[BlackElo "1265"]
[Annotator "NA"]
[PlyCount "75"]
[EventDate "2020.03.07"]
[EventCountry "CZE"]
[SourceTitle "playchess.com"]
[Source "ChessBase"]
[SourceQuality "1"]
[TimeControl "5400+30"]

1. e4 {[%emt 0:00:00]} c5 {[%emt 0:00:00]} 2. Nf3 {[%emt 0:00:25]} e6 {[%emt 0:00:00]} 3. d4 {[%emt 0:00:10]} cxd4 {[%emt 0:00:16]} 4. Nxd4 {[%emt 0:00:24]} Nf6 {[%emt 0:00:17]} 5. Nc3 {[%emt 0:01:10]} Nc6 {[%emt 0:00:29]} 6. Bb5 {[%emt 0:02:30]} Bb4 {[%emt 0:04:12]} 7. f3 {[%emt 0:04:17]} O-O {[%emt 0:05:28]} 8. Bg5 {[%emt 0:01:09]} Bxc3+ {[%emt 0:01:26]} 9. bxc3 {[%emt 0:00:13]} Qa5 {[%emt 0:12:59]} 10. Nxc6 {[%emt 0:07:24]} Qxc3+ {[%emt 0:11:24]} 11. Bd2 {[%emt 0:02:41]} Qc5 {[%emt 0:00:48]} 12. Rb1 {[%emt 0:05:48]} bxc6 13. Bb4 {[%emt 0:01:01]} Qe3+ {[%emt 0:10:23]} 14. Qe2 {[%emt 0:00:12]} Qxe2+ {[%emt 0:00:07]} 15. Bxe2 {[%emt 0:00:11]} Re8 {[%emt 0:01:02]} 16. O-O {[%emt 0:00:38]} d5 {[%emt 0:05:08]} 17. e5 {[%emt 0:02:45]} Nd7 {[%emt 0:01:47]} 18. f4 {[%emt 0:03:10]} f6 {[%emt 0:05:56]} 19. Bd6 {[%emt 0:02:11]} Kf7 {[%emt 0:05:33]} 20. h4 {[%emt 0:09:06]} Nb6 {[%emt 0:03:50]} 21. exf6 {[%emt 0:03:22]} Kxf6 {[%emt 0:01:05]} 22. Be5+ {[%emt 0:01:40]} Kf7 {[%emt 0:01:14]} 23. h5 {[%emt 0:03:03]} g6 {[%emt 0:02:20]} 24. hxg6+ {[%emt 0:03:36]} hxg6 {[%emt 0:03:40]} 25. Rf3 {[%emt 0:01:34]} Nd7 {[%emt 0:03:17]} 26. Bd6 {[%emt 0:01:38]} Kg7 {[%emt 0:01:05]} 27. Rg3 {[%emt 0:01:21]} Rh8 {[%emt 0:05:14]} 28. Bd3 {[%emt 0:02:21]} Rh6 {[%emt 0:00:47]} 29. c4 {[%emt 0:05:39]} Ba6 {[%emt 0:00:54]} 30. cxd5 {[%emt 0:05:23]} Bxd3 {[%emt 0:00:13]} 31. Rxd3 {[%emt 0:00:25]} cxd5 {[%emt 0:01:47]} 32. Rb7 {[%emt 0:00:41]} Rc8 {[%emt 0:09:28]} 33. Rxd7+ {[%emt 0:00:57]} Kg8 {[%emt 0:00:57]} 34. Be5 {[%emt 0:00:30]} Rc1+ {[%emt 0:00:28]} 35. Kf2 {[%emt 0:00:21]} Rc2+ {[%emt 0:00:23]} 36. Kg3 {[%emt 0:00:17]} Rxa2 {[%emt 0:01:06]} 37. Rg7+ {[%emt 0:00:24]} Kf8 {[%emt 0:00:15]} 38. Rc3 {[%emt 0:00:37]} 1-0

[Event "CZE-ch U10 2020"]
[Site "Kouty nad Desnou"]
[Date "2020.03.09"]
[Round "4.9"]
[White "Policar, Martin"]
[Black "Ruzicka, Oto"]
[Result "0-1"]
[WhiteElo "1264"]
[BlackElo "1168"]
[Annotator "NA"]
[PlyCount "54"]
[EventDate "2020.03.07"]
[EventCountry "CZE"]
[SourceTitle "playchess.com"]
[Source "ChessBase"]
[SourceQuality "1"]
[TimeControl "5400+30"]

1. e4 {[%emt 0:00:00]} e5 {[%emt 0:00:00]} 2. f4 {[%emt 0:00:00]} d5 {[%emt 0:00:02]} 3. exd5 {[%emt 0:00:33]} exf4 {[%emt 0:00:28]} 4. Nf3 {[%emt 0:02:42]} Nf6 {[%emt 0:03:06]} 5. Nc3 {[%emt 0:08:55]} Nxd5 {[%emt 0:01:30]} 6. d4 {[%emt 0:00:57]} Bg4 {[%emt 0:05:25]} 7. Bc4 {[%emt 0:05:18]} c6 {[%emt 0:03:39]} 8. O-O {[%emt 0:03:05]} Be7 {[%emt 0:04:02]} 9. Qe2 {[%emt 0:06:04]} Nxc3 {[%emt 0:05:21]} 10. bxc3 {[%emt 0:01:19]} O-O {[%emt 0:00:40]} 11. Bxf4 {[%emt 0:04:52]} Nd7 {[%emt 0:01:55]} 12. Rfe1 {[%emt 0:05:10]} Re8 {[%emt 0:02:28]} 13. Rab1 {[%emt 0:06:25]} b5 {[%emt 0:01:33]} 14. Bd3 {[%emt 0:01:57]} Nf6 {[%emt 0:01:33]} 15. Qe3 {[%emt 0:07:04]} Bd6 {[%emt 0:11:18]} 16. Ne5 {[%emt 0:01:53]} Qc7 {[%emt 0:07:59]} 17. Qg3 {[%emt 0:13:03]} Re6 {[%emt 0:09:15]} 18. Nxg4 {[%emt 0:09:40]} Bxf4 {[%emt 0:00:48]} 19. Nxf6+ {[%emt 0:01:44]} Rxf6 {[%emt 0:00:24]} 20. Qh3 {[%emt 0:03:24]} Rh6 {[%emt 0:01:31]} 21. Qf3 {[%emt 0:02:11]} Bxh2+ {[%emt 0:06:44]} 22. Kf1 {[%emt 0:03:16]} Rf6 {[%emt 0:02:28]} 23. Bf5 {[%emt 0:00:08]} g6 {[%emt 0:00:59]} 24. Rxb5 {[%emt 0:02:36]} cxb5 {[%emt 0:04:31]} 25. Qxa8+ {[%emt 0:00:32]} Kg7 {[%emt 0:00:18]} 26. Ke2 {[%emt 0:01:42]} Rxf5 {[%emt 0:00:40]} 27. Kd1 {[%emt 0:00:38]} Qxc3 {[%emt 0:00:31]} 0-1

[Event "CZE-ch U10 2020"]
[Site "Kouty nad Desnou"]
[Date "2020.03.09"]
[Round "4.10"]
[White "Stejskal, Jakub"]
[Black "Komarek, Tobias"]
[Result "0-1"]
[WhiteElo "1557"]
[BlackElo "1235"]
[Annotator "NA"]
[PlyCount "70"]
[EventDate "2020.03.07"]
[EventCountry "CZE"]
[SourceTitle "playchess.com"]
[Source "ChessBase"]
[SourceQuality "1"]
[TimeControl "5400+30"]

1. e4 {[%emt 0:00:00]} e5 {[%emt 0:00:00]} 2. Nf3 {[%emt 0:00:01]} Nc6 {[%emt 0:00:00]} 3. d4 {[%emt 0:01:38]} exd4 {[%emt 0:00:21]} 4. Nxd4 {[%emt 0:00:40]} Bc5 {[%emt 0:00:20]} 5. Be3 {[%emt 0:00:24]} Qf6 {[%emt 0:00:10]} 6. c3 {[%emt 0:00:23]} Nge7 {[%emt 0:00:13]} 7. Bc4 {[%emt 0:01:42]} Ne5 {[%emt 0:00:24]} 8. Be2 {[%emt 0:03:13]} d5 {[%emt 0:00:30]} 9. O-O {[%emt 0:04:44]} dxe4 {[%emt 0:00:41]} 10. f4 {[%emt 0:01:26]} exf3 {[%emt 0:00:31]} 11. Bxf3 {[%emt 0:00:27]} Nxf3+ {[%emt 0:00:47]} 12. Rxf3 {[%emt 0:00:34]} Qb6 {[%emt 0:00:22]} 13. b4 {[%emt 0:01:16]} Bxd4 {[%emt 0:01:54]} 14. Bxd4 {[%emt 0:00:34]} Qc6 {[%emt 0:00:20]} 15. Qd3 {[%emt 0:03:06]} O-O {[%emt 0:01:06]} 16. Nd2 {[%emt 0:04:09]} Be6 {[%emt 0:02:45]} 17. Ne4 {[%emt 0:01:33]} Bd5 {[%emt 0:03:01]} 18. Re1 {[%emt 0:05:09]} f5 {[%emt 0:00:33]} 19. Rg3 {[%emt 0:05:31]} Ng6 {[%emt 0:00:45]} 20. Ng5 {[%emt 0:01:44]} f4 {[%emt 0:01:08]} 21. Rg4 {[%emt 0:01:30]} Rae8 {[%emt 0:13:55]} 22. Nf3 {[%emt 0:14:05]} Rxe1+ {[%emt 0:08:56]} 23. Nxe1 {[%emt 0:02:08]} Qe6 {[%emt 0:01:06]} 24. Qd1 {[%emt 0:03:14]} Re8 {[%emt 0:03:52]} 25. Nd3 {[%emt 0:01:49]} Bc4 {[%emt 0:00:47]} 26. Rg5 {[%emt 0:03:18]} Bxd3 {[%emt 0:00:37]} 27. Qxd3 {[%emt 0:01:39]} Qe1+ {[%emt 0:00:19]} 28. Qf1 {[%emt 0:00:23]} Qh4 {[%emt 0:00:18]} 29. Qc4+ {[%emt 0:08:11]} Kh8 {[%emt 0:00:49]} 30. Rd5 {[%emt 0:04:30]} Re1+ {[%emt 0:00:34]} 31. Qf1 {[%emt 0:01:44]} Rxf1+ {[%emt 0:00:15]} 32. Kxf1 {[%emt 0:00:07]} h6 {[%emt 0:00:19]} 33. g3 {[%emt 0:02:15]} fxg3 {[%emt 0:00:14]} 34. hxg3 {[%emt 0:00:13]} Qh1+ {[%emt 0:00:14]} 35. Ke2 {[%emt 0:00:35]} Qxd5 {[%emt 0:00:17]} 0-1

[Event "CZE-ch U10 2020"]
[Site "Kouty nad Desnou"]
[Date "2020.03.09"]
[Round "4.11"]
[White "Letal, Hynek"]
[Black "Chernyy, Andrey"]
[Result "0-1"]
[WhiteElo "1127"]
[BlackElo "1208"]
[Annotator "NA"]
[PlyCount "66"]
[EventDate "2020.03.07"]
[EventCountry "CZE"]
[SourceTitle "playchess.com"]
[Source "ChessBase"]
[SourceQuality "1"]
[TimeControl "5400+30"]

1. e4 {[%emt 0:00:00]} e5 {[%emt 0:00:00]} 2. Nf3 {[%emt 0:00:00]} Nc6 {[%emt 0:00:00]} 3. Bb5 {[%emt 0:00:19]} a6 {[%emt 0:00:36]} 4. Ba4 {[%emt 0:00:12]} Nge7 {[%emt 0:00:14]} 5. c3 {[%emt 0:00:30]} g6 {[%emt 0:01:07]} 6. d4 {[%emt 0:00:32]} exd4 {[%emt 0:01:06]} 7. cxd4 {[%emt 0:01:14]} Bg7 {[%emt 0:00:47]} 8. d5 {[%emt 0:01:36]} Ne5 {[%emt 0:00:42]} 9. Nxe5 {[%emt 0:01:35]} Bxe5 {[%emt 0:00:36]} 10. f4 {[%emt 0:00:22]} Bg7 {[%emt 0:00:39]} 11. O-O {[%emt 0:01:12]} O-O {[%emt 0:00:42]} 12. f5 {[%emt 0:00:50]} b5 {[%emt 0:01:24]} 13. Bb3 {[%emt 0:01:11]} gxf5 {[%emt 0:01:32]} 14. exf5 {[%emt 0:00:43]} Be5 {[%emt 0:01:57]} 15. f6 {[%emt 0:00:47]} Ng6 {[%emt 0:00:40]} 16. d6 {[%emt 0:04:04]} cxd6 {[%emt 0:01:19]} 17. Bh6 {[%emt 0:01:20]} Bxb2 {[%emt 0:01:48]} 18. Bxf8 {[%emt 0:00:21]} Qxf8 {[%emt 0:00:13]} 19. Qd5 {[%emt 0:01:36]} Rb8 {[%emt 0:00:48]} 20. Nd2 {[%emt 0:00:15]} Bxa1 {[%emt 0:00:24]} 21. Rxa1 {[%emt 0:00:20]} Bb7 {[%emt 0:00:46]} 22. Qg5 {[%emt 0:00:15]} Kh8 {[%emt 0:01:24]} 23. Rc1 {[%emt 0:00:32]} Bc6 {[%emt 0:01:03]} 24. Nf3 {[%emt 0:01:33]} Re8 {[%emt 0:05:33]} 25. Qh5 {[%emt 0:00:49]} Bxf3 {[%emt 0:01:43]} 26. Qxf3 {[%emt 0:00:36]} Ne5 {[%emt 0:00:22]} 27. Qf5 {[%emt 0:01:17]} Qh6 {[%emt 0:03:08]} 28. Rf1 {[%emt 0:02:37]} Rg8 {[%emt 0:04:22]} 29. Rd1 {[%emt 0:04:00]} Ng4 {[%emt 0:02:05]} 30. Qd3 {[%emt 0:04:03]} Qxh2+ {[%emt 0:01:45]} 31. Kf1 {[%emt 0:01:01]} Qh1+ {[%emt 0:00:27]} 32. Ke2 {[%emt 0:00:08]} Qxg2+ {[%emt 0:00:27]} 33. Ke1 {[%emt 0:00:02]} Qf2# {[%emt 0:00:02] Qd4} 0-1

[Event "CZE-ch U10 2020"]
[Site "Kouty nad Desnou"]
[Date "2020.03.09"]
[Round "4.12"]
[White "Soucek, Andrej"]
[Black "Milek, Tobias"]
[Result "1/2-1/2"]
[WhiteElo "1043"]
[BlackElo "1163"]
[Annotator "NA"]
[PlyCount "77"]
[EventDate "2020.03.07"]
[EventCountry "CZE"]
[SourceTitle "playchess.com"]
[Source "ChessBase"]
[SourceQuality "1"]
[TimeControl "5400+30"]

1. e4 {[%emt 0:00:00]} e5 {[%emt 0:00:00]} 2. Nf3 {[%emt 0:00:00]} Nc6 {[%emt 0:00:00]} 3. d4 {[%emt 0:00:15]} exd4 {[%emt 0:00:00]} 4. Nxd4 {[%emt 0:00:47]} Nf6 {[%emt 0:00:18]} 5. Nc3 {[%emt 0:00:37]} Bb4 {[%emt 0:00:25]} 6. Nxc6 {[%emt 0:00:23]} bxc6 {[%emt 0:00:43]} 7. Bd3 {[%emt 0:00:26]} O-O {[%emt 0:00:21]} 8. O-O {[%emt 0:00:41]} d5 {[%emt 0:01:00]} 9. exd5 {[%emt 0:00:25]} cxd5 {[%emt 0:00:13]} 10. Bg5 {[%emt 0:00:34]} Be6 {[%emt 0:01:08]} 11. Qf3 {[%emt 0:00:21]} Be7 {[%emt 0:01:27]} 12. h3 {[%emt 0:06:51]} c6 {[%emt 0:01:58]} 13. Bf5 {[%emt 0:07:26]} Rb8 {[%emt 0:04:43]} 14. Bxe6 {[%emt 0:02:27]} fxe6 {[%emt 0:00:55]} 15. Qe3 {[%emt 0:05:46]} Qd7 {[%emt 0:01:36]} 16. Rfe1 {[%emt 0:01:15]} Kf7 {[%emt 0:00:29]} 17. Rab1 {[%emt 0:02:58]} d4 {[%emt 0:01:03]} 18. Qd3 {[%emt 0:01:15]} dxc3 {[%emt 0:01:03]} 19. bxc3 {[%emt 0:05:27]} Qxd3 {[%emt 0:00:27]} 20. cxd3 {[%emt 0:03:47]} h6 {[%emt 0:00:45]} 21. Bh4 {[%emt 0:00:44]} Bd6 {[%emt 0:01:34]} 22. Rbd1 {[%emt 0:00:31]} g5 {[%emt 0:00:27]} 23. Bg3 {[%emt 0:00:37]} Bxg3 {[%emt 0:00:10]} 24. fxg3 {[%emt 0:00:10]} Rb2 {[%emt 0:00:29]} 25. Ra1 {[%emt 0:00:53]} Rd8 {[%emt 0:00:58]} 26. Red1 {[%emt 0:00:46]} Nd5 {[%emt 0:01:54]} 27. Rdc1 {[%emt 0:06:16]} Rd2 {[%emt 0:01:05]} 28. d4 {[%emt 0:00:30]} Rd3 {[%emt 0:00:21]} 29. Rab1 {[%emt 0:03:42]} Nb6 {[%emt 0:01:05]} 30. a4 {[%emt 0:02:49]} Rd7 {[%emt 0:03:10]} 31. a5 {[%emt 0:00:47]} Nc8 {[%emt 0:01:48]} 32. Rb8 {[%emt 0:00:35]} Rc7 {[%emt 0:01:12]} 33. Rf1+ {[%emt 0:01:10]} Kg7 {[%emt 0:02:07]} 34. Rc1 {[%emt 0:00:29]} Rxg3 {[%emt 0:01:24]} 35. Kf2 {[%emt 0:00:56]} Rd3 {[%emt 0:01:25]} 36. Ke2 {[%emt 0:00:14]} Rg3 {[%emt 0:00:36]} 37. Kf2 {[%emt 0:00:04]} Rd3 {[%emt 0:00:11]} 38. Ke2 {[%emt 0:00:11]} Rg3 {[%emt 0:00:13]} 39. Kf2 {[%emt 0:00:05]} 1/2-1/2

[Event "CZE-ch U10 2020"]
[Site "Kouty nad Desnou"]
[Date "2020.03.10"]
[Round "5.1"]
[White "Delgerdalai, Bayarjavkhlan"]
[Black "Krautschneider, Daniel Jan"]
[Result "1-0"]
[WhiteElo "1553"]
[BlackElo "1236"]
[Annotator "NA RC"]
[PlyCount "45"]
[EventDate "2020.03.07"]
[EventCountry "CZE"]
[SourceTitle "playchess.com"]
[Source "ChessBase"]
[SourceQuality "1"]
[TimeControl "5400+30"]

1. e4 {[%emt 0:00:00]} c5 {[%emt 0:00:00]} 2. Nf3 {[%emt 0:00:00]} d6 {[%emt 0:00:21]} 3. d4 {[%emt 0:00:18]} cxd4 {[%emt 0:00:09]} 4. Nxd4 {[%emt 0:00:11]} Nc6 {[%emt 0:00:44]} 5. c4 {[%emt 0:00:56]} Nf6 {[%emt 0:02:06]} 6. Nc3 {[%emt 0:00:20]} g6 {[%emt 0:02:32]} 7. Be2 {[%emt 0:01:46]} Bg7 {[%emt 0:01:17]} 8. Be3 {[%emt 0:00:29]} O-O {[%emt 0:01:07]} 9. O-O {[%emt 0:01:30]} a6 {[%emt 0:01:37]} 10. Qd2 {[%emt 0:02:02]} Qc7 {[%emt 0:00:36]} 11. Nd5 {[%emt 0:03:26]} Nxd5 {[%emt 0:02:21]} 12. cxd5 {[%emt 0:01:47]} Nxd4 {[%emt 0:00:16]} 13. Bxd4 {[%emt 0:00:21]} Bxd4 {[%emt 0:02:10]} 14. Qxd4 {[%emt 0:00:20]} Bd7 {[%emt 0:00:44]} 15. Rac1 {[%emt 0:02:21]} Qa5 {[%emt 0:02:01]} 16. Bc4 {[%emt 0:02:35]} Bb5 {[%emt 0:05:01]} 17. Bxb5 {[%emt 0:02:08]} axb5 {[%emt 0:01:13]} 18. a3 {[%emt 0:02:06]} Rac8 {[%emt 0:05:14]} 19. e5 {[%emt 0:08:46]} Rc7 {[%emt 0:08:07]} 20. exd6 {[%emt 0:02:12]} exd6 {[%emt 0:00:49]} 21. b4 {[%emt 0:03:29]} Rfc8 {[%emt 0:12:43]} 22. bxa5 {[%emt 0:01:10]} Rxc1 {[%emt 0:00:07]} 23. Qb6 {[%emt 0:01:01]} 1-0

[Event "CZE-ch U10 2020"]
[Site "Kouty nad Desnou"]
[Date "2020.03.10"]
[Round "5.2"]
[White "Vana, Jan"]
[Black "Chon, Jeremy"]
[Result "1/2-1/2"]
[WhiteElo "1268"]
[BlackElo "1449"]
[Annotator "NA"]
[PlyCount "90"]
[EventDate "2020.03.07"]
[EventCountry "CZE"]
[SourceTitle "playchess.com"]
[Source "ChessBase"]
[SourceQuality "1"]
[TimeControl "5400+30"]

1. d4 {[%emt 0:00:30]} d5 {[%emt 0:00:00]} 2. c4 {[%emt 0:00:29]} e6 {[%emt 0:00:00]} 3. Nc3 {[%emt 0:00:11]} f5 {[%emt 0:00:00]} 4. e3 {[%emt 0:00:53]} Nf6 {[%emt 0:00:06]} 5. Bd3 {[%emt 0:00:38]} c6 {[%emt 0:00:22]} 6. Nf3 {[%emt 0:00:27]} Bd6 {[%emt 0:00:11]} 7. Bd2 {[%emt 0:00:24]} O-O {[%emt 0:00:34]} 8. Qc2 {[%emt 0:00:27]} Ne4 {[%emt 0:01:29]} 9. h3 {[%emt 0:02:19]} Nd7 {[%emt 0:05:34]} 10. c5 {[%emt 0:11:41]} Bc7 {[%emt 0:00:15]} 11. b4 {[%emt 0:00:31]} a6 {[%emt 0:02:55]} 12. a4 {[%emt 0:04:29]} Qe8 {[%emt 0:10:59]} 13. Ke2 {[%emt 0:08:47]} e5 {[%emt 0:10:08]} 14. g4 {[%emt 0:05:32]} Nxc3+ {[%emt 0:01:35]} 15. Bxc3 {[%emt 0:03:27]} e4 {[%emt 0:01:11]} 16. gxf5 {[%emt 0:01:12]} exd3+ {[%emt 0:00:23]} 17. Qxd3 {[%emt 0:00:16]} Qe4 {[%emt 0:00:42]} 18. Qxe4 {[%emt 0:01:05]} dxe4 19. Ng5 {[%emt 0:00:05]} Nf6 {[%emt 0:02:10]} 20. Ne6 {[%emt 0:02:02]} Bxe6 {[%emt 0:00:06]} 21. fxe6 {[%emt 0:00:20]} Nd5 {[%emt 0:01:27]} 22. Bd2 {[%emt 0:00:31]} Rfe8 {[%emt 0:03:04]} 23. b5 {[%emt 0:00:57]} Rxe6 {[%emt 0:07:51]} 24. Rhg1 {[%emt 0:03:23]} Rg6 {[%emt 0:12:38]} 25. Rgb1 {[%emt 0:02:25]} Rh6 {[%emt 0:07:33]} 26. Rh1 {[%emt 0:01:59]} cxb5 {[%emt 0:04:38]} 27. axb5 {[%emt 0:01:59]} Rf8 {[%emt 0:02:37]} 28. bxa6 {[%emt 0:04:03]} bxa6 {[%emt 0:01:55]} 29. Ba5 {[%emt 0:01:14]} Bxa5 {[%emt 0:00:37]} 30. Rxa5 {[%emt 0:00:03]} Rb8 {[%emt 0:00:46]} 31. c6 {[%emt 0:01:57]} Rb2+ {[%emt 0:08:32]} 32. Kf1 {[%emt 0:00:21]} Rb1+ {[%emt 0:00:26]} 33. Kg2 {[%emt 0:00:03]} Nxe3+ {[%emt 0:04:21]} 34. Kh2 {[%emt 0:03:40]} Rxh3+ {[%emt 0:04:14]} 35. Kxh3 {[%emt 0:01:27]} Rxh1+ {[%emt 0:00:03]} 36. Kg3 {[%emt 0:00:04]} Rc1 {[%emt 0:00:32]} 37. fxe3 {[%emt 0:00:08]} Rxc6 {[%emt 0:00:07]} 38. d5 {[%emt 0:00:44]} Rf6 {[%emt 0:07:21]} 39. Kg4 {[%emt 0:02:07]} Kf7 {[%emt 0:00:50]} 40. Ra4 {[%emt 0:00:34]} Rd6 {[%emt 0:00:44]} 41. Rd4 {[%emt 0:00:06]} Kf6 {[%emt 0:00:20]} 42. Kf4 {[%emt 0:00:13]} g5+ {[%emt 0:00:13]} 43. Kxe4 {[%emt 0:00:18]} a5 {[%emt 0:00:19]} 44. Ra4 {[%emt 0:01:33]} Ra6 {[%emt 0:00:20]} 45. Kd4 {[%emt 0:01:31]} h5 1/2-1/2

[Event "CZE-ch U10 2020"]
[Site "Kouty nad Desnou"]
[Date "2020.03.10"]
[Round "5.3"]
[White "Popov, Roman"]
[Black "Gorej, Vojtech"]
[Result "1-0"]
[WhiteElo "2353"]
[BlackElo "1360"]
[Annotator "TA"]
[PlyCount "97"]
[EventDate "2020.03.07"]
[EventCountry "CZE"]
[SourceTitle "playchess.com"]
[Source "ChessBase"]
[SourceQuality "1"]

{[%evp 9,97,62,80,66,64,43,42,36,43,44,44,39,79,61,89,74,77,85,92,66,72,60,71,67,67,66,93,89,99,80,60,31,100,55,59,-81,-81,-450,-420,-422,-371,-354,-131,-219,-217,-119,-114,-262,484,484,559,539,547,539,525,521,720,529,1487,848,926,920,844,910,905,900,895,881,857,815,901,874,1908,1880,12837,1689,1666,1554,1860,1706,2210,2350,12843,12844,12845,12841,12838,7145,12847,12848]} 1. d4 Nf6 2. Nf3 c5 3. d5 d6 4. c4 Bf5 5. Nc3 Na6 {and if ...Nb4 works, Black does fine.} 6. a3 {A56: Czech Benoni.} Nc7 {[#]} 7. e3 $146 (7. Nh4 {is interesting.} Bd7 8. e4 e5 9. Nf3 a6 10. a4) ({Predecessor:} 7. Nd2 e6 8. e4 Bg6 9. Be2 h5 10. O-O h4 11. f4 Bh5 12. e5 Bxe2 13. Qxe2 {0-1 (34) Woeltge,C (1922)-Loerke,R (2110) Bad Breisig 2002}) 7... g6 8. Bd3 {White is slightly better.} Bxd3 9. Qxd3 Bg7 10. e4 e5 11. O-O O-O 12. Bd2 Qd7 13. b4 {[%cal Bb2b4,Bb4b5][%mdl 32]} b6 14. b5 Nh5 15. g3 f5 16. a4 f4 17. Kg2 Bh6 18. h3 {Hoping for g4.} g5 19. g4 Nf6 20. a5 Kh8 ({Black should try} 20... Nxg4 $1 $14 21. hxg4 Qxg4+ 22. Kh2 Qh5+ 23. Kg1 Qg4+ 24. Kh2 Qh5+ 25. Kg2 (25. Kg1 Rf6 $11) 25... Qg4+ 26. Kh2) 21. axb6 (21. Rg1 {seems wilder.} Qg7 22. Kh1 Nd7 23. Na4 Rfb8 24. h4) 21... axb6 22. Ra4 (22. Kh1 $14 {stays ahead.}) 22... Nxg4 $1 $17 23. hxg4 $4 {[%mdl 8192]} (23. Rfa1 $17 {is a better chance.}) 23... Qxg4+ $19 24. Kh2 Rxa4 25. Nxa4 {Threatening Nxe5.} Rf6 $2 (25... Qh5+ $19 {is more deadly.} 26. Kg2 (26. Kg1 $2 g4 $19) 26... g4) 26. Rg1 (26. Nxb6 Bg7 27. Nxg5 Qxg5 28. Qh3 Rh6 $1 {[%mdl 512]} 29. Rb1 Rxh3+ 30. Kxh3 Qh5+ 31. Kg2 f3+ 32. Kg3 Bf6 33. Rh1 Qxh1 34. Bg5 Qg2+ 35. Kh4 Qxg5+ 36. Kh3 Qh4#) (26. Nxe5 $17 {might work better.} dxe5 27. Qh3) 26... Qh5+ 27. Kg2 {And now Rh1 would win.} g4 {[%csl Gg4][%cal Rh5h3]} 28. Nxe5 (28. Kf1 $17) 28... Qxe5 $4 {[%mdl 8192]} ({Weaker is} 28... dxe5 29. Rh1 $17) (28... f3+ $19 29. Kf1 dxe5 30. Bxh6 (30. d6 Ne6 $19) 30... Rxh6) 29. Bc3 $18 {[%mdl 64] Skewer. White is clearly winning.} f3+ 30. Kf1 Qf4 {( -> ...Qc1+)} 31. Bxf6+ Qxf6 {[#]} 32. Qc3 $1 {[%cal Rc3f6]} Qd4 33. Rxg4 Bd2 34. Qxd4+ cxd4 {[%mdl 4096] Endgame KRN-KBN} 35. Rg3 Ba5 36. Rxf3 Kg7 37. Rd3 Ne8 38. Rxd4 Nf6 39. f4 Bb4 40. e5 dxe5 41. fxe5 Ne8 42. Ke2 Kf7 43. Kf3 Ng7 44. Rf4+ Ke7 45. Nxb6 Bc5 46. Na4 Ba7 47. c5 Bb8 48. Ke4 Ne8 49. d6+ {Accuracy: White = 55%, Black = 41%.} 1-0